[Event "Verbandsliga MVP 2013-14"]
[Site "MVP"]
[Date "2013.11.10"]
[Round "2.3"]
[White "Kutschke, Peter"]
[Black "Kupfernagel, Michael"]
[Result "1-0"]
[WhiteElo "1932"]
[BlackElo "1917"]
[PlyCount "95"]
[EventDate "2013.??.??"]
[EventType "team-tourn"]
[EventRounds "9"]
[EventCountry "GER"]
[SourceDate "2013.10.20"]
[WhiteTeam "HSG Uni Rostock"]
[BlackTeam "SF Schwerin III"]
[WhiteTeamCountry "GER"]
[BlackTeamCountry "GER"]

1. e4 c5 2. c4 d6 3. Ne2 Nc6 4. d4 cxd4 5. Nxd4 Nf6 6. Nc3 e6 7. Be3 Be7 8. Be2
O-O 9. O-O Bd7 10. Qd2 Nxd4 11. Qxd4 Bc6 12. Rfd1 b6 13. Rac1 Qd7 14. a3 Rfd8
15. f3 Rac8 16. b4 h6 17. Bf2 Ne8 18. Qe3 e5 19. Qd3 Nf6 20. g3 g5 21. b5 Bb7
22. Be3 Kh8 23. Nd5 Bxd5 24. cxd5 Rxc1 25. Rxc1 Rc8 26. Rc6 Rg8 27. g4 h5 28.
h3 hxg4 29. hxg4 Nh7 30. Qc3 Bd8 31. Rc8 f6 32. Qc6 Nf8 33. Qxd7 Nxd7 34. Ra8
Nc5 35. Rxa7 Rg7 36. Ra8 Rd7 37. Rc8 Kg7 38. Kf2 Kf7 39. Ra8 Ke7 40. a4 Rb7 41.
Bd2 Kd7 42. Bb4 Ke7 43. Ke3 Kd7 44. Bc4 Ke7 45. Bxc5 dxc5 46. d6+ Ke8 47. Bd5
Rh7 48. Bc6+ 1-0

[Event "Verbandsliga MVP 2013-14"]
[Site "MVP"]
[Date "2013.11.10"]
[Round "2.4"]
[White "Schiewer, Robert"]
[Black "Giese, Guido"]
[Result "1/2-1/2"]
[WhiteElo "1897"]
[BlackElo "1899"]
[PlyCount "92"]
[EventDate "2013.??.??"]
[EventType "team-tourn"]
[EventRounds "9"]
[EventCountry "GER"]
[SourceDate "2013.10.20"]
[WhiteTeam "SF Schwerin III"]
[BlackTeam "HSG Uni Rostock"]
[WhiteTeamCountry "GER"]
[BlackTeamCountry "GER"]

1. e4 c5 2. Nf3 g6 3. d4 cxd4 4. Nxd4 Nc6 5. Be3 Nf6 6. Nc3 Bg7 7. Be2 O-O 8.
O-O d6 9. Kh1 Bd7 10. f4 Qc8 11. Rc1 Rd8 12. Nd5 Nxd5 13. exd5 Nxd4 14. Bxd4
Bxd4 15. Qxd4 b6 16. Rfe1 Re8 17. Bf3 Qc5 18. Qd2 Rac8 19. c4 a5 20. h4 Qb4 21.
Qd4 Qc5 22. Qd2 Qb4 23. Qxb4 axb4 24. Re3 Ba4 25. a3 b3 26. Bd1 Rc5 27. Bxb3 b5
28. Ba2 bxc4 29. Rxc4 Rxc4 30. Bxc4 Kf8 31. b3 Rc8 32. Kg1 Rc5 33. Kf2 Ke8 34.
Ke2 Bb5 35. Bxb5+ Rxb5 36. Rd3 Kd7 37. Ke3 e6 38. b4 e5 39. g4 f5 40. gxf5 gxf5
41. Kd2 Rb8 42. Kc3 Rg8 43. Rf3 e4 44. Rf2 Rg3+ 45. Kb2 Rd3 46. a4 Rxd5 1/2-1/2

[Event "Verbandsliga MVP 2013-14"]
[Site "MVP"]
[Date "2013.11.10"]
[Round "2.5"]
[White "Sager, Bernd"]
[Black "Hueneburg, Christian"]
[Result "0-1"]
[WhiteElo "1734"]
[BlackElo "2079"]
[PlyCount "38"]
[EventDate "2013.??.??"]
[EventType "team-tourn"]
[EventRounds "9"]
[EventCountry "GER"]
[SourceDate "2013.10.20"]
[WhiteTeam "HSG Uni Rostock"]
[BlackTeam "SF Schwerin III"]
[WhiteTeamCountry "GER"]
[BlackTeamCountry "GER"]

1. d4 Nf6 2. c4 c5 3. d5 e6 4. Nc3 exd5 5. cxd5 d6 6. e4 g6 7. Nf3 Bg7 8. Bd3
O-O 9. O-O Bg4 10. Bf4 Nh5 11. Bg3 a6 12. a4 Nxg3 13. fxg3 Qb6 14. Kh1 Qxb2 15.
Ne2 Qxa1 16. Qxa1 Bxa1 17. Rxa1 Nd7 18. h3 Bxf3 19. gxf3 Ne5 0-1

[Event "Verbandsliga MVP 2013-14"]
[Site "MVP"]
[Date "2013.11.10"]
[Round "2.6"]
[White "Dittrich, Carsten"]
[Black "Schroeder, Christian"]
[Result "1/2-1/2"]
[WhiteElo "1841"]
[BlackElo "1879"]
[PlyCount "74"]
[EventDate "2013.??.??"]
[EventType "team-tourn"]
[EventRounds "9"]
[EventCountry "GER"]
[SourceDate "2013.10.20"]
[WhiteTeam "SF Schwerin III"]
[BlackTeam "HSG Uni Rostock"]
[WhiteTeamCountry "GER"]
[BlackTeamCountry "GER"]

1. e4 c5 2. Nc3 Nc6 3. g3 g6 4. Bg2 Bg7 5. d3 d6 6. Be3 e6 7. Nge2 Nge7 8. Qd2
O-O 9. O-O Nd4 10. Nc1 Rb8 11. Nd1 b5 12. c3 Ndc6 13. Bh6 b4 14. Bxg7 Kxg7 15.
Ne2 e5 16. Ne3 Qb6 17. c4 Nd4 18. Nxd4 cxd4 19. Nd1 f5 20. f3 f4 21. Nf2 g5 22.
Bh3 Bxh3 23. Nxh3 h6 24. gxf4 exf4 25. Kh1 Ng6 26. Qf2 Ne5 27. Rad1 Kh7 28. Ng1
Qc5 29. Ne2 Nc6 30. Rg1 Qe5 31. Rd2 Rg8 32. b3 Rg7 33. Rc2 Qc5 34. Rd2 a5 35.
Nc1 Rbg8 36. Rg4 Qe5 37. Ne2 Qc5 1/2-1/2

[Event "Verbandsliga MVP 2013-14"]
[Site "MVP"]
[Date "2013.11.10"]
[Round "2.7"]
[White "Hantel, Thomas"]
[Black "Siegert, Gregor"]
[Result "0-1"]
[WhiteElo "1661"]
[BlackElo "1859"]
[PlyCount "102"]
[EventDate "2013.??.??"]
[EventType "team-tourn"]
[EventRounds "9"]
[EventCountry "GER"]
[SourceDate "2013.10.20"]
[WhiteTeam "HSG Uni Rostock"]
[BlackTeam "SF Schwerin III"]
[WhiteTeamCountry "GER"]
[BlackTeamCountry "GER"]

1. d4 Nf6 2. c4 g6 3. Nf3 Bg7 4. Nc3 d6 5. e4 O-O 6. Be2 e5 7. dxe5 dxe5 8.
Qxd8 Rxd8 9. Bg5 Re8 10. O-O-O h6 11. Bh4 Na6 12. a3 c6 13. Kc2 Nc5 14. Nd2 a6
15. b4 Ne6 16. Nb3 Nf4 17. Bf1 g5 18. Bg3 N6h5 19. f3 Nxg3 20. hxg3 Ne6 21. g4
Nd4+ 22. Nxd4 exd4 23. Na4 Ra7 24. Nb6 Be6 25. Bd3 a5 26. Ra1 Bf8 27. c5 Bg7
28. Rhb1 Be5 29. Rh1 Kg7 30. Kd2 Rd8 31. Rhb1 Rh8 32. Bc4 h5 33. Bxe6 fxe6 34.
bxa5 hxg4 35. Nc4 Bf4+ 36. Kd3 gxf3 37. gxf3 e5 38. Rh1 Rh4 39. Rag1 Kf6 40.
Rxh4 gxh4 41. Rg4 h3 42. Rh4 h2 43. Rh8 Kg7 44. Rh4 Ra8 45. Rg4+ Kf6 46. Rh4
Rg8 47. Rh5 Rg1 48. Rf5+ Kg6 49. Nxe5+ Bxe5 50. Rxe5 Rd1+ 51. Ke2 h1=Q 0-1

[Event "Verbandsliga MVP 2013-14"]
[Site "MVP"]
[Date "2013.11.10"]
[Round "2.8"]
[White "Voll, Andreas"]
[Black "Lueth, Jochen"]
[Result "1/2-1/2"]
[WhiteElo "1807"]
[BlackElo "1623"]
[PlyCount "116"]
[EventDate "2013.??.??"]
[EventType "team-tourn"]
[EventRounds "9"]
[EventCountry "GER"]
[SourceDate "2013.10.20"]
[WhiteTeam "SF Schwerin III"]
[BlackTeam "HSG Uni Rostock"]
[WhiteTeamCountry "GER"]
[BlackTeamCountry "GER"]

1. e4 d5 2. exd5 Qxd5 3. Nc3 Qa5 4. Nf3 c6 5. d4 Bf5 6. Bd3 Bg6 7. O-O Nf6 8.
Qe2 Nbd7 9. Bd2 Qc7 10. Rfe1 O-O-O 11. a4 e6 12. a5 Bh5 13. h3 Bd6 14. Ne4 Nxe4
15. Bxe4 Nf6 16. c3 Bf4 17. Bxf4 Qxf4 18. Qe3 Qxe4 19. Qxe4 Nxe4 20. Rxe4 Bxf3
21. gxf3 Rd5 22. b4 Rhd8 23. Rae1 Rh5 24. Kg2 Rdd5 25. Rg4 g6 26. Re3 Kd7 27.
Rge4 Kd6 28. Re1 Rh6 29. Re5 a6 30. f4 Rh5 31. Kg3 Rdxe5 32. fxe5+ Kd5 33. Re3
Kc4 34. Kg4 Rf5 35. Kg3 h6 36. Kg2 g5 37. Kg3 h5 38. f3 Rf4 39. Kg2 g4 40. hxg4
hxg4 41. fxg4 Rxg4+ 42. Kf2 Rh4 43. Rf3 Rh2+ 44. Ke3 Rc2 45. Rxf7 Rxc3+ 46. Ke4
Kxb4 47. Rxb7+ Kxa5 48. Re7 Kb6 49. Rxe6 a5 50. d5 a4 51. Kd4 Rc1 52. Rxc6+
Rxc6 53. dxc6 a3 54. Kc3 a2 55. Kb2 a1=Q+ 56. Kxa1 Kxc6 57. e6 Kd6 58. e7 Kxe7
1/2-1/2

[Event "Verbandsliga MVP 2013-14"]
[Site "MVP"]
[Date "2013.11.10"]
[Round "2.1"]
[White "Mehl, Ronald"]
[Black "Hagenlueke, Thomas"]
[Result "1-0"]
[WhiteElo "2081"]
[BlackElo "1897"]
[PlyCount "113"]
[EventDate "2013.??.??"]
[EventType "team-tourn"]
[EventRounds "9"]
[EventCountry "GER"]
[SourceDate "2013.10.20"]
[WhiteTeam "FHSG Stralsund"]
[BlackTeam "Greifswalder SV II"]
[WhiteTeamCountry "GER"]
[BlackTeamCountry "GER"]

1. Nf3 Nc6 2. d4 e6 3. e4 d5 4. e5 f6 5. c3 fxe5 6. dxe5 g6 7. Bg5 Qd7 8. Bd3
Bg7 9. Qe2 Nh6 10. h3 Nf7 11. Bf4 b6 12. Na3 Bb7 13. O-O O-O-O 14. Ba6 g5 15.
Bxb7+ Kxb7 16. Bxg5 Nxg5 17. Nxg5 Bxe5 18. f4 Rhg8 19. Rae1 Rde8 20. Qh5 Bd6
21. Qxh7 Qxh7 22. Nxh7 Bxa3 23. bxa3 Re7 24. Nf6 Rg6 25. Ng4 d4 26. cxd4 Nxd4
27. Re4 Nf5 28. Rfe1 c5 29. Kh2 Nd4 30. a4 Kc7 31. R1e3 Rg8 32. Nf6 Rd8 33. g4
Rf7 34. Nh5 Rd5 35. Ng3 a5 36. h4 c4 37. Rc3 Kd6 38. Rxc4 Nc6 39. g5 Rd2+ 40.
Kh3 Rxa2 41. h5 Rd2 42. g6 Rg7 43. f5 Ne5 44. Rcd4+ Rxd4 45. Rxd4+ Ke7 46. Rf4
Rg8 47. f6+ Kf8 48. Rd4 Ke8 49. Rd6 Nxg6 50. hxg6 Rxg6 51. Ne4 Kf7 52. Rxb6 Rg1
53. Rb7+ Kg8 54. Nd6 Rf1 55. Rb8+ Kh7 56. f7 Kg7 57. Rg8+ 1-0

[Event "Verbandsliga MVP 2013-14"]
[Site "MVP"]
[Date "2013.11.10"]
[Round "2.2"]
[White "Hertel, Johannes"]
[Black "Hubert, Peter"]
[Result "1/2-1/2"]
[WhiteElo "1927"]
[BlackElo "1992"]
[PlyCount "90"]
[EventDate "2013.??.??"]
[EventType "team-tourn"]
[EventRounds "9"]
[EventCountry "GER"]
[SourceDate "2013.10.20"]
[WhiteTeam "Greifswalder SV II"]
[BlackTeam "FHSG Stralsund"]
[WhiteTeamCountry "GER"]
[BlackTeamCountry "GER"]

1. d4 Nf6 2. c4 e6 3. g3 d5 4. Nf3 Bb4+ 5. Bd2 Bxd2+ 6. Nbxd2 O-O 7. Bg2 Nbd7
8. O-O c6 9. Qc2 Qe7 10. e4 Nxe4 11. Nxe4 dxe4 12. Qxe4 Qb4 13. Qc2 a5 14. a3
Qd6 15. c5 Qc7 16. Rfe1 Rd8 17. Rad1 Nf6 18. Ne5 Bd7 19. Nc4 Nd5 20. h4 b5 21.
Nd6 Nf6 22. a4 Rab8 23. axb5 cxb5 24. Rd2 Bc6 25. Bxc6 Qxc6 26. Ra1 a4 27. Qd3
h6 28. b3 axb3 29. Ra7 Rd7 30. Rxd7 Qxd7 31. Qxb3 b4 32. Ra2 Nd5 33. Ra4 Qc7
34. Nc4 Qc6 35. Ne5 Qb7 36. Nd3 Ra8 37. Rxa8+ Qxa8 38. Qc4 Qa1+ 39. Kg2 b3 40.
Qxb3 Qxd4 41. Qc2 Nc3 42. Qd2 Kf8 43. Qe3 Qxe3 44. fxe3 Ke7 45. Kf3 f6 1/2-1/2

[Event "Verbandsliga MVP 2013-14"]
[Site "MVP"]
[Date "2013.11.10"]
[Round "2.3"]
[White "Kohn, Andreas"]
[Black "Schwahn, Christian"]
[Result "1-0"]
[WhiteElo "1923"]
[BlackElo "1947"]
[PlyCount "83"]
[EventDate "2013.??.??"]
[EventType "team-tourn"]
[EventRounds "9"]
[EventCountry "GER"]
[SourceDate "2013.10.20"]
[WhiteTeam "FHSG Stralsund"]
[BlackTeam "Greifswalder SV II"]
[WhiteTeamCountry "GER"]
[BlackTeamCountry "GER"]

1. e4 c5 2. Nf3 d6 3. d4 cxd4 4. Nxd4 Nf6 5. Nc3 a6 6. f3 e5 7. Nb3 Be6 8. Be3
Nbd7 9. Qd2 Qc7 10. g4 Be7 11. O-O-O O-O 12. h4 b5 13. h5 b4 14. Ne2 Nc5 15.
Kb1 Nxb3 16. cxb3 Qb7 17. Ng3 Rfd8 18. g5 Ne8 19. g6 d5 20. Bd3 Nd6 21. h6 fxg6
22. hxg7 Kxg7 23. Qh2 Rh8 24. Nf5+ Bxf5 25. exf5 Nf7 26. Bh6+ Kg8 27. Rdg1 g5
28. Qh5 Nxh6 29. Qxh6 Rf8 30. Rh5 Rf7 31. Qe6 Kf8 32. Bxa6 Qa7 33. Rc1 Rf6 34.
Qc8+ Kg7 35. Rxg5+ Kh6 36. Rg4 Rg6 37. Qxh8 Rxg4 38. fxg4 Qxa6 39. Rh1+ Kg5 40.
Qxh7 Qd3+ 41. Ka1 Qf3 42. Qxe7+ 1-0

[Event "Verbandsliga MVP 2013-14"]
[Site "MVP"]
[Date "2013.11.10"]
[Round "2.4"]
[White "Nauschuetz, Ernst"]
[Black "Kohn, Thomas"]
[Result "0-1"]
[WhiteElo "1893"]
[BlackElo "1875"]
[PlyCount "74"]
[EventDate "2013.??.??"]
[EventType "team-tourn"]
[EventRounds "9"]
[EventCountry "GER"]
[SourceDate "2013.10.20"]
[WhiteTeam "Greifswalder SV II"]
[BlackTeam "FHSG Stralsund"]
[WhiteTeamCountry "GER"]
[BlackTeamCountry "GER"]

1. c4 Nf6 2. g3 e5 3. Bg2 Nc6 4. Nc3 Bb4 5. Nd5 O-O 6. Nf3 e4 7. Ng5 Nxd5 8.
cxd5 Qxg5 9. dxc6 dxc6 10. Bxe4 Bh3 11. a3 Ba5 12. Qc2 h6 13. b4 Bb6 14. Bb2
Rfe8 15. f4 Qe7 16. Bf3 Rad8 17. O-O-O a5 18. bxa5 Bxa5 19. e4 Bd7 20. h4 c5
21. e5 b5 22. g4 b4 23. g5 Bb5 24. d4 cxd4 25. Bxd4 Rxd4 26. Rxd4 c5 27. Rd6 c4
28. axb4 Bxb4 29. Rb6 Ba3+ 30. Kb1 Qb4+ 31. Ka1 Qa5 32. Rxb5 Qxb5 33. Rb1 Qc5
34. Qc3 Qa7 35. Qxc4 Bc1+ 36. Qa2 Qd4+ 37. Rb2 Rb8 0-1

[Event "Verbandsliga MVP 2013-14"]
[Site "MVP"]
[Date "2013.11.10"]
[Round "2.5"]
[White "Manke, Karsten"]
[Black "Sowada, Christoph"]
[Result "1-0"]
[WhiteElo "1751"]
[BlackElo "1871"]
[PlyCount "53"]
[EventDate "2013.??.??"]
[EventType "team-tourn"]
[EventRounds "9"]
[EventCountry "GER"]
[SourceDate "2013.10.20"]
[WhiteTeam "FHSG Stralsund"]
[BlackTeam "Greifswalder SV II"]
[WhiteTeamCountry "GER"]
[BlackTeamCountry "GER"]

1. e4 e5 2. Nf3 Nc6 3. Nc3 Nf6 4. d4 exd4 5. Nd5 Nxe4 6. Qe2 f5 7. Bg5 Be7 8.
h4 Nxg5 9. hxg5 O-O 10. Qc4 Rf7 11. g6 hxg6 12. Nf4 Bg5 13. Nxg6 Bh6 14. Be2 d5
15. Qd3 Nb4 16. Qb3 c5 17. c3 dxc3 18. Qxc3 d4 19. Qxc5 d3 20. Rd1 Nc2+ 21. Kf1
dxe2+ 22. Kxe2 Qc7 23. Qd5 Qd7 24. Qe5 Qe6 25. Rd8+ Kh7 26. Ng5+ Kxg6 27. Nxe6
1-0

[Event "Verbandsliga MVP 2013-14"]
[Site "MVP"]
[Date "2013.11.10"]
[Round "2.6"]
[White "Kriese, Ralf"]
[Black "Giese, Lothar"]
[Result "0-1"]
[WhiteElo "1684"]
[BlackElo "1782"]
[PlyCount "88"]
[EventDate "2013.??.??"]
[EventType "team-tourn"]
[EventRounds "9"]
[EventCountry "GER"]
[SourceDate "2013.10.20"]
[WhiteTeam "Greifswalder SV II"]
[BlackTeam "FHSG Stralsund"]
[WhiteTeamCountry "GER"]
[BlackTeamCountry "GER"]

1. e4 g6 2. d4 Bg7 3. f4 d6 4. Nf3 Bg4 5. Be2 Nf6 6. e5 Nfd7 7. c3 e6 8. O-O d5
9. Be3 Nc6 10. Nbd2 Ne7 11. h3 Bxf3 12. Nxf3 a6 13. b4 b5 14. a4 c6 15. Qb3 O-O
16. g4 Nb6 17. a5 Nc4 18. Bc1 Ra7 19. Qc2 Kh8 20. Qd3 Ng8 21. f5 gxf5 22. gxf5
f6 23. fxe6 fxe5 24. Ng5 Rxf1+ 25. Bxf1 e4 26. Qe2 Nd6 27. Bf4 Bf6 28. Qh5 Rg7
29. h4 Bxg5 30. hxg5 Nf6 31. Qh2 Nfe8 32. Kh1 Kg8 33. Bh3 Qe7 34. Rg1 Rg6 35.
Bg4 Nc4 36. Bf5 Rg7 37. Qh5 Ned6 38. Bh3 Qe8 39. Qh4 Qg6 40. Bg4 e3 41. Bh5
Qxe6 42. g6 hxg6 43. Qd8+ Ne8 44. Bh6 Qh3# 0-1

[Event "Verbandsliga MVP 2013-14"]
[Site "MVP"]
[Date "2013.11.10"]
[Round "2.7"]
[White "Klepin, Wilfried"]
[Black "Zimmermann, Bernd"]
[Result "1-0"]
[WhiteElo "1822"]
[BlackElo "1619"]
[PlyCount "57"]
[EventDate "2013.??.??"]
[EventType "team-tourn"]
[EventRounds "9"]
[EventCountry "GER"]
[SourceDate "2013.10.20"]
[WhiteTeam "FHSG Stralsund"]
[BlackTeam "Greifswalder SV II"]
[WhiteTeamCountry "GER"]
[BlackTeamCountry "GER"]

1. d4 d5 2. f4 Nf6 3. Nf3 g6 4. e3 Bg7 5. Bd3 b6 6. Nbd2 c5 7. c3 O-O 8. Qe2 c4
9. Bb1 Nc6 10. e4 e6 11. Ne5 Nxe5 12. fxe5 Nd7 13. O-O f6 14. exf6 Nxf6 15. e5
Nd7 16. Nf3 Qe8 17. h4 Rf7 18. h5 Nf8 19. h6 Bh8 20. Be3 Rb8 21. Bc2 Rbb7 22.
Ng5 Rxf1+ 23. Rxf1 Re7 24. Qf3 Bb7 25. Ba4 Nd7 26. Nxe6 Rf7 27. Qxf7+ Qxf7 28.
Rxf7 Kxf7 29. Nd8+ 1-0

[Event "Verbandsliga MVP 2013-14"]
[Site "MVP"]
[Date "2013.11.10"]
[Round "2.8"]
[White "Malchau, Jochen"]
[Black "Glawe, Hartmut"]
[Result "1/2-1/2"]
[WhiteElo "1550"]
[BlackElo "1825"]
[PlyCount "83"]
[EventDate "2013.??.??"]
[EventType "team-tourn"]
[EventRounds "9"]
[EventCountry "GER"]
[SourceDate "2013.10.20"]
[WhiteTeam "Greifswalder SV II"]
[BlackTeam "FHSG Stralsund"]
[WhiteTeamCountry "GER"]
[BlackTeamCountry "GER"]

1. d4 Nf6 2. c4 d5 3. cxd5 Nxd5 4. e4 Nf6 5. Nc3 e5 6. d5 Be7 7. Nf3 Bg4 8. Be2
Nbd7 9. O-O O-O 10. a3 Ne8 11. b4 Nd6 12. h3 Bh5 13. Be3 a6 14. Rc1 Bg6 15. Nd2
f5 16. exf5 Nxf5 17. Bc4 Kh8 18. Qe2 a5 19. Na2 Nxe3 20. fxe3 Rxf1+ 21. Rxf1
axb4 22. axb4 e4 23. b5 Nf6 24. Rc1 Nxd5 25. Bxd5 Qxd5 26. Nc3 Qe5 27. Nc4 Qc5
28. Nd2 Bg5 29. Nf1 Rf8 30. Qe1 Qb4 31. Rb1 Qc4 32. Rc1 Qe6 33. Rd1 Qb6 34. Rd4
Bf6 35. Nd5 Qxb5 36. Nxc7 Qc6 37. Qb4 Rg8 38. Rc4 Qd7 39. Qxb7 Qd1 40. Ne6 h6
41. Nf4 Bh7 42. Qf7 1/2-1/2

[Event "Verbandsliga MVP 2013-14"]
[Site "MVP"]
[Date "2013.11.24"]
[Round "3.1"]
[White "Hanisch, Sebastian"]
[Black "Mehl, Ronald"]
[Result "0-1"]
[WhiteElo "2045"]
[BlackElo "2081"]
[PlyCount "78"]
[EventDate "2013.??.??"]
[EventType "team-tourn"]
[EventRounds "9"]
[EventCountry "GER"]
[SourceDate "2013.10.20"]
[WhiteTeam "SF Schwerin III"]
[BlackTeam "FHSG Stralsund"]
[WhiteTeamCountry "GER"]
[BlackTeamCountry "GER"]

1. Nf3 d5 2. e3 Nf6 3. b3 e6 4. Bb2 Nbd7 5. d4 c6 6. Bd3 Be7 7. Nbd2 O-O 8. O-O
Re8 9. c4 Bd6 10. Ne5 c5 11. f4 b6 12. Rf3 Bb7 13. Rh3 Nf8 14. g4 Bxe5 15. dxe5
Ne4 16. Qc2 Nxd2 17. Qxd2 dxc4 18. bxc4 Qc7 19. Kf2 Rad8 20. Qc2 g6 21. Bc3 Rd7
22. Be2 Red8 23. Rg3 Bc6 24. Rd1 Rxd1 25. Bxd1 b5 26. cxb5 Bxb5 27. Be2 Qc6 28.
Rg1 Bxe2 29. Qxe2 Qe4 30. Rd1 Rd5 31. Rxd5 exd5 32. Bb2 d4 33. Qf3 Qb1 34. Qe2
Ne6 35. Kf3 Qxa2 36. f5 Qd5+ 37. e4 Qb3+ 38. Kf2 Nf4 39. Qd2 Qxb2 0-1

[Event "Verbandsliga MVP 2013-14"]
[Site "MVP"]
[Date "2013.11.24"]
[Round "3.2"]
[White "Hubert, Peter"]
[Black "Wagner, Ralph"]
[Result "0-1"]
[WhiteElo "1992"]
[BlackElo "2037"]
[PlyCount "86"]
[EventDate "2013.??.??"]
[EventType "team-tourn"]
[EventRounds "9"]
[EventCountry "GER"]
[SourceDate "2013.10.20"]
[WhiteTeam "FHSG Stralsund"]
[BlackTeam "SF Schwerin III"]
[WhiteTeamCountry "GER"]
[BlackTeamCountry "GER"]

1. Nf3 d6 2. d4 Bg4 3. c4 Nf6 4. Qb3 Qc8 5. Nc3 Nbd7 6. Bf4 Nh5 7. Bd2 e5 8.
dxe5 dxe5 9. h3 Bxf3 10. gxf3 Nc5 11. Qc2 Qe6 12. e3 O-O-O 13. O-O-O Kb8 14.
Be2 g6 15. Ne4 Be7 16. Nxc5 Bxc5 17. Bc3 Nf6 18. b4 Be7 19. Qb2 Nd7 20. f4 f6
21. Bg4 f5 22. Be2 Bf6 23. Rd5 Nb6 24. Rxd8+ Rxd8 25. Bxe5 Nxc4 26. Qb3 Qc6 27.
Qxc4 Qxh1+ 28. Bf1 Bxe5 29. fxe5 Qd5 30. Qxd5 Rxd5 31. f4 c6 32. h4 Kc7 33. Bc4
Rd8 34. Kc2 Kd7 35. Kd3 Ke7+ 36. Ke2 a5 37. bxa5 Ra8 38. Kf3 Rxa5 39. Bb3 Ra3
40. Bg8 h5 41. Ke2 b5 42. Kd2 c5 43. Bd5 c4 0-1

[Event "Verbandsliga MVP 2013-14"]
[Site "MVP"]
[Date "2013.11.24"]
[Round "3.3"]
[White "Helms, Sven"]
[Black "Kohn, Andreas"]
[Result "1-0"]
[WhiteElo "1907"]
[BlackElo "1923"]
[PlyCount "67"]
[EventDate "2013.??.??"]
[EventType "team-tourn"]
[EventRounds "9"]
[EventCountry "GER"]
[SourceDate "2013.10.20"]
[WhiteTeam "SF Schwerin III"]
[BlackTeam "FHSG Stralsund"]
[WhiteTeamCountry "GER"]
[BlackTeamCountry "GER"]

1. d4 Nf6 2. c4 e5 3. dxe5 Ng4 4. Nf3 Bc5 5. e3 Nc6 6. Bd2 Ngxe5 7. Nxe5 Nxe5
8. Bc3 d6 9. Nd2 Qe7 10. Nf3 Bg4 11. Qa4+ Bd7 12. Qc2 a5 13. Nxe5 dxe5 14. Bd3
Qg5 15. Be4 f5 16. Bxb7 Rb8 17. Bf3 Bb4 18. h4 Qe7 19. O-O-O e4 20. Bh5+ Kf8
21. Rd5 Be6 22. Re5 g6 23. Be2 Kf7 24. g4 Qd7 25. gxf5 Bxf5 26. Rd1 Qc6 27. c5
Rhd8 28. Rxd8 Rxd8 29. Qb3+ Kf8 30. Bd4 Rb8 31. Qc4 Be1 32. Rxf5+ gxf5 33. Bh5
Qd7 34. c6 1-0

[Event "Verbandsliga MVP 2013-14"]
[Site "MVP"]
[Date "2013.11.24"]
[Round "3.4"]
[White "Kohn, Thomas"]
[Black "Schiewer, Robert"]
[Result "1-0"]
[WhiteElo "1875"]
[BlackElo "1897"]
[PlyCount "79"]
[EventDate "2013.??.??"]
[EventType "team-tourn"]
[EventRounds "9"]
[EventCountry "GER"]
[SourceDate "2013.10.20"]
[WhiteTeam "FHSG Stralsund"]
[BlackTeam "SF Schwerin III"]
[WhiteTeamCountry "GER"]
[BlackTeamCountry "GER"]

1. Nf3 d5 2. c4 c6 3. e3 Nf6 4. Nc3 e6 5. d4 Nbd7 6. Bd3 dxc4 7. Bxc4 Nb6 8.
Bd3 c5 9. O-O Be7 10. Qe2 O-O 11. Rd1 Nbd5 12. e4 Nxc3 13. bxc3 Qc7 14. Bg5 Ne8
15. Qe3 Bxg5 16. Qxg5 f6 17. Qxc5 Qxc5 18. dxc5 Nc7 19. Bc4 g6 20. Rd6 Kg7 21.
Rad1 e5 22. Rd7+ Bxd7 23. Rxd7+ Kh6 24. Rxc7 Rac8 25. Rxb7 Rxc5 26. Bd5 Rxc3
27. h3 Ra3 28. Bb3 Ra6 29. Kf1 Re8 30. Ke2 f5 31. Nd2 Rd8 32. f3 fxe4 33. Nxe4
g5 34. Re7 Ra5 35. Nf6 Rh8 36. g4 Kg6 37. Nh5 Ra6 38. Rxe5 Rd8 39. Re7 Rad6 40.
Bc2+ 1-0

[Event "Verbandsliga MVP 2013-14"]
[Site "MVP"]
[Date "2013.11.24"]
[Round "3.5"]
[White "Goertz, Frank"]
[Black "Manke, Karsten"]
[Result "1/2-1/2"]
[WhiteElo "1863"]
[BlackElo "1751"]
[PlyCount "38"]
[EventDate "2013.??.??"]
[EventType "team-tourn"]
[EventRounds "9"]
[EventCountry "GER"]
[SourceDate "2013.10.20"]
[WhiteTeam "SF Schwerin III"]
[BlackTeam "FHSG Stralsund"]
[WhiteTeamCountry "GER"]
[BlackTeamCountry "GER"]

1. e4 e5 2. f4 Nc6 3. Nf3 d6 4. Bc4 Be7 5. O-O Nf6 6. Nc3 Bg4 7. d3 O-O 8. Kh1
Na5 9. Bb3 Nxb3 10. axb3 c6 11. h3 Bxf3 12. Qxf3 exf4 13. Bxf4 Kh8 14. Ne2 Nd7
15. Ng3 Ne5 16. Qh5 Bf6 17. d4 Ng6 18. Be3 Qe7 19. Qg4 Qe6 1/2-1/2

[Event "Verbandsliga MVP 2013-14"]
[Site "MVP"]
[Date "2013.11.24"]
[Round "3.6"]
[White "Klepin, Wilfried"]
[Black "Siegert, Gregor"]
[Result "1-0"]
[WhiteElo "1822"]
[BlackElo "1859"]
[PlyCount "57"]
[EventDate "2013.??.??"]
[EventType "team-tourn"]
[EventRounds "9"]
[EventCountry "GER"]
[SourceDate "2013.10.20"]
[WhiteTeam "FHSG Stralsund"]
[BlackTeam "SF Schwerin III"]
[WhiteTeamCountry "GER"]
[BlackTeamCountry "GER"]

1. d4 Nf6 2. Nf3 g6 3. Bf4 Bg7 4. c3 d6 5. Nbd2 O-O 6. h3 Nbd7 7. e4 Qe8 8. g4
e5 9. dxe5 Nxe5 10. Nxe5 dxe5 11. Be3 b6 12. Bc4 Bb7 13. f3 Rd8 14. Qe2 c6 15.
O-O-O b5 16. Bb3 Qe7 17. h4 a5 18. a3 b4 19. cxb4 axb4 20. a4 Ra8 21. h5 Ba6
22. Qf2 Bd3 23. Bc5 Qb7 24. hxg6 hxg6 25. Nb1 Rfd8 26. Qe3 Ba6 27. g5 Nd7 28.
Bxf7+ Kxf7 29. Qb3+ 1-0

[Event "Verbandsliga MVP 2013-14"]
[Site "MVP"]
[Date "2013.11.24"]
[Round "3.7"]
[White "Voll, Andreas"]
[Black "Glawe, Hartmut"]
[Result "0-1"]
[WhiteElo "1807"]
[BlackElo "1825"]
[PlyCount "74"]
[EventDate "2013.??.??"]
[EventType "team-tourn"]
[EventRounds "9"]
[EventCountry "GER"]
[SourceDate "2013.10.20"]
[WhiteTeam "SF Schwerin III"]
[BlackTeam "FHSG Stralsund"]
[WhiteTeamCountry "GER"]
[BlackTeamCountry "GER"]

1. e4 e5 2. Nf3 Nc6 3. Bb5 Nf6 4. d3 d6 5. Bg5 Be7 6. Nbd2 O-O 7. O-O Ne8 8.
Bxe7 Nxe7 9. h3 Ng6 10. Bc4 c6 11. Re1 Nc7 12. Nf1 d5 13. Bb3 a5 14. c3 Re8 15.
Ng3 Qd6 16. Bc2 d4 17. Qd2 c5 18. Rad1 Nf4 19. Ne2 Nce6 20. Bb3 Nxe2+ 21. Qxe2
Nf4 22. Qf1 Qh6 23. Kh1 Bg4 24. Nh2 Bxd1 25. Rxd1 a4 26. Bc4 Ra5 27. cxd4 cxd4
28. b4 axb3 29. Bxb3 Rc5 30. Ng4 Qa6 31. g3 Ng6 32. Qe2 b5 33. Qf3 Qa7 34. h4
Nh8 35. h5 h6 36. Nxh6+ gxh6 37. Qg4+ Kf8 0-1

[Event "Verbandsliga MVP 2013-14"]
[Site "MVP"]
[Date "2013.11.24"]
[Round "3.8"]
[White "Rickmann, Niklas"]
[Black "Zeeck, Detlef"]
[Result "1/2-1/2"]
[WhiteElo "1774"]
[BlackElo "1744"]
[PlyCount "41"]
[EventDate "2013.??.??"]
[EventType "team-tourn"]
[EventRounds "9"]
[EventCountry "GER"]
[SourceDate "2013.10.20"]
[WhiteTeam "FHSG Stralsund"]
[BlackTeam "SF Schwerin III"]
[WhiteTeamCountry "GER"]
[BlackTeamCountry "GER"]

1. e4 c6 2. d4 d5 3. e5 Bf5 4. g4 Bd7 5. f4 h5 6. g5 g6 7. Nf3 Bg4 8. h3 Bxf3
9. Qxf3 e6 10. Qb3 Qb6 11. Qxb6 axb6 12. a3 Ne7 13. Bd3 Na6 14. Be3 Nb4 15. Kd2
Nxd3 16. Kxd3 Nf5 17. Nd2 b5 18. Bf2 b6 19. Nf1 Kd7 20. Ne3 Nxe3 21. Bxe3
1/2-1/2